Некоторые аспекты применения лазеров в медицине; Оптика атмосферы и океана; Т. 6, № 3

গ্রন্থ-পঞ্জীর বিবরন
Parent link:Оптика атмосферы и океана: научно-теоретический журнал.— , 1988-
Т. 6, № 3.— 1993.— С. 332-336
প্রধান লেখক: Евтушенко Г. С. Геннадий Сергеевич
অন্যান্য লেখক: Петракова В. С., Удалый И. Ф.
সংক্ষিপ্ত:Рассмотрены основные аспекты применения лазеров в медицине. Показано влияние низкоинтенсивного медного лазера с l=510 и 578 нм на опухолевый процесс. Приведены сравнительные клинические данные по лазерной терапии язвенной болезни желудка гелий-неоновым лазером и на парах меди. Клинический материал представлен многочисленными наблюдениями. Наилучший эффект получен при использовании лазера на парах меди у пациентов с хроническими каллезными язвами.
В фонде НТБ ТПУ отсутствует
ভাষা:রুশ
প্রকাশিত: 1993
বিষয়গুলি:
বিন্যাস: গ্রন্থের অধ্যায়
KOHA link:https://koha.lib.tpu.ru/cgi-bin/koha/opac-detail.pl?biblionumber=599967

MARC

LEADER 00000naa0a2200000 4500
001 599967
005 20250127103757.0
035 |a (RuTPU)RU\TPU\tpu\24129 
035 |a RU\TPU\tpu\24128 
090 |a 599967 
100 |a 20131210d1993 k||y0rusy50 ca 
101 0 |a rus 
102 |a RU 
200 1 |a Некоторые аспекты применения лазеров в медицине  |f Г. С. Евтушенко, В. С. Петракова, И. Ф. Удалый 
320 |a Библиогр.: 12 назв. 
330 |a Рассмотрены основные аспекты применения лазеров в медицине. Показано влияние низкоинтенсивного медного лазера с l=510 и 578 нм на опухолевый процесс. Приведены сравнительные клинические данные по лазерной терапии язвенной болезни желудка гелий-неоновым лазером и на парах меди. Клинический материал представлен многочисленными наблюдениями. Наилучший эффект получен при использовании лазера на парах меди у пациентов с хроническими каллезными язвами. 
333 |a В фонде НТБ ТПУ отсутствует 
461 |t Оптика атмосферы и океана  |o научно-теоретический журнал  |d 1988- 
463 |t Т. 6, № 3  |o тематический выпуск по материалам конференции "Импульсные лазеры на переходах атомов и молекул", Томск, 7-9 сентября 1992 г.  |v С. 332-336  |d 1993 
610 1 |a труды учёных ТПУ 
700 1 |a Евтушенко  |b Г. С.  |c российский специалист в области электрофизики  |c профессор Томского политехнического университета, доктор технических наук  |f 1947-  |g Геннадий Сергеевич  |3 (RuTPU)RU\TPU\pers\21960  |9 9279 
701 1 |a Петракова  |b В. С. 
701 1 |a Удалый  |b И. Ф. 
801 1 |a RU  |b 63413507  |c 20131205 
801 2 |a RU  |b 63413507  |c 20131210  |g RCR 
942 |c CR